000 00719na a2200217 4500
001 21623
003 MIRAKIL
005 20181213155236.0
008 170207b tu 000 0
040 _aMilas
_btur
_cTR-AnCHP
041 _atur
082 _a351.7225
_bT11i 2007
090 _a351.7225 T11i 2007
110 _aT.C. Başbakanlık Hazine Müsteşarlığı
245 _a2007 mali yılı kesin hesabı
_cBaşbakanlık Hazine Müsteşarlığı
260 _aAnkara
_bBaşbakanlık Hazine Müsteşarlığı
_c2007
300 _a95 s.
_btbl.
_c20 sm.
610 _aBaşbakanlık Hazine Müsteşarlığı
_xKesin bütçe
_y2007
710 _aT.C. Başbakanlık Hazine Müsteşarlığı
942 _2ddc
_cBKS
999 _c9135
_d9135